000 00607cam a2200229 4500
008 090401t1986 xxu||||| |||| 00| 0 eng d
020 _a085125229X
035 _a(Sirsi) u11510
041 _aeng
050 _a693.97
100 _aHarrison, H. W.
245 _aOvercladding external walls of large panel system dwellings
260 _aGarston, Watford
_bBuilding Research Establishment
_c1986
300 _avi, 117p. : ill. ; 30cm.
350 _a25
490 _aBRE Report
650 _aPREFABRICATION
700 _aHunt, J.H.
700 _aThomson, J.
942 _n0
948 _c04/03/1997
999 _c86876
_d86876